00000000nam##2200000za#4500
0019.529601
003CaOODSP
00520200331225820
007ta
008150406|1997||||xxc|||||     f|0| 0 fre|d
020 |a0-660-60352-7
040 |aCaOODSP|bfre
041 |aeng
041 |afre
043 |an-cn---
0861 |aBT31-4/66-1997
1101 |aCanada. |bConseil du trésor.
24510|aCommission de la fonction publique du Canada
260 |aOttawa - Ontario : |bSecrétariat du Conseil du Trésor du Canada |c1997.
300 |aTexte français, 45p. : |btableaux ; |c28 cm.
4901 |aRapport sur le rendement pour la période se terminant le 31 mars 1997
546 |aBilingue
563 |aCouverture souple
590 |a97-46|b1997-11-14
7760#|tPublic Service Commission of Canada, performance report for the period ending March 31, 1997 |w(CaOODSP)9.568645
7760#|tCommission de la fonction publique du Canada, rapport sur le rendement pour la période se terminant le 31 mars 1997 |w(CaOODSP)9.599915
791 |tPublic Service Commission of Canada|eeng|w(CaOODSP)9.529600
830#0|aRapport sur le rendement pour la période se terminant le 31 mars 1997.|w(CaOODSP)9.508973